The World Book encyclopedia.

Na minha lista:
Detalhes bibliográficos
Autor Corporativo: World Book, Inc.
Formato: Livro
Idioma:Undetermined
Publicado em: Chicago, Illinois World Book 2004
Assuntos:
Tags: Adicionar Tag
Sem tags, seja o primeiro a adicionar uma tag!
Thư viện lưu trữ: Trung tâm Học liệu Trường Đại học Cần Thơ
LEADER 00494nam a2200181Ia 4500
001 CTU_126397
008 210402s9999 xx 000 0 und d
082 |a 031 
082 |b W927/Vol.2 
110 |a World Book, Inc. 
245 4 |a The World Book encyclopedia. 
245 0 |c World Book, Inc. 
260 |a Chicago, Illinois 
260 |b World Book 
260 |c 2004 
650 |a Encyclopedias and dictionaries. 
904 |i Minh 
980 |a Trung tâm Học liệu Trường Đại học Cần Thơ